| 000 | 00418nam a22001457a 4500 | ||
|---|---|---|---|
| 005 | 20250627112935.0 | ||
| 008 | 250627b |||||||| |||| 00| 0 eng d | ||
| 020 | _a9780801027932 | ||
| 050 |
_aBS1151 _b.2 DOR |
||
| 100 | _aDORSEY A. DAVID | ||
| 245 |
_aTHE LITERARY STRUCTURE OF THE OLD TESTAMENT; _bA COMMENTARY ON GENESIS-MALACHI |
||
| 260 |
_aMICHIGAN _bBAKER ACADEMIC _cc1999 |
||
| 300 | _a330p | ||
| 942 |
_2lcc _cBK _n0 |
||
| 999 |
_c6734 _d6734 |
||